Medical Masterclass : (Record no. 4954)

MARC details
000 -LEADER
fixed length control field 00630nam a22002057a 4500
003 - CONTROL NUMBER IDENTIFIER
control field OSt
005 - DATE AND TIME OF LATEST TRANSACTION
control field 20160812134126.0
008 - FIXED-LENGTH DATA ELEMENTS--GENERAL INFORMATION
fixed length control field 160812b xxu||||| |||| 00| 0 eng d
020 ## - INTERNATIONAL STANDARD BOOK NUMBER
International Standard Book Number 1860162169
040 ## - CATALOGING SOURCE
Transcribing agency 040a
082 ## - DEWEY DECIMAL CLASSIFICATION NUMBER
Classification number WB 100
Item number S1f 2004
245 ## - TITLE STATEMENT
Title Medical Masterclass :
Remainder of title scientific background to medicine 2 /
Statement of responsibility, etc. John D. Firth, D. John M. Reynolds
260 ## - PUBLICATION, DISTRIBUTION, ETC. (IMPRINT)
Place of publication, distribution, etc. London
Name of publisher, distributor, etc. Royal College of physicians
Date of publication, distribution, etc. 2004
300 ## - PHYSICAL DESCRIPTION
Extent xi, 118p;
Other physical details Col.ill :
Dimensions 30 cm.
504 ## - BIBLIOGRAPHY, ETC. NOTE
Bibliography, etc Includes index
650 ## - SUBJECT ADDED ENTRY--TOPICAL TERM
Topical term or geographic name as entry element Medical masterclass
9 (RLIN) 10557
700 ## - ADDED ENTRY--PERSONAL NAME
Personal name Firth, John D.
9 (RLIN) 10558
700 ## - ADDED ENTRY--PERSONAL NAME
Personal name Reynolds, D. John M
9 (RLIN) 10610
942 ## - ADDED ENTRY ELEMENTS (KOHA)
Source of classification or shelving scheme Other/Generic Classification Scheme
Koha item type Open Shelf
Holdings
Withdrawn status Lost status Source of classification or shelving scheme Damaged status Not for loan Home library Current library Date acquired Source of acquisition Inventory number Total Checkouts Full call number Barcode Date last seen Price effective from Koha item type
    Other/Generic Classification Scheme     MUST Main Library MUST Main Library 12/08/2016   2009/31163   WB 100 S1f 2004 2016-3570 12/08/2016 12/08/2016 Open Shelf